000 00811nam a22002297a 4500
003 UA-OsUOA
001 49572
007 ta
008 20140109b un ||||| |||| 00| 0 ukr d
090 _a017
_bД63
942 _cBK
040 _aUA-OsUOA
_bukr
_cUA-OsUOA
_dUA-OsUOA
245 _aДокументальні матеріали М.С. Грушевського у фондах відділу рукописів ЦНБ ім. В.І. Вернадського АН УРСР
_bКаталог
300 _a114 с.
955 _a1
041 _aukr
080 _a017
260 _aК.
_c1991
650 7 _a01 Бібліографія і бібліографії. Каталоги
_2UDC
999 _c429693
_d429693